<?xml version="1.0" encoding="UTF-8"?><?xml-stylesheet type="text/xsl" href="static/style.xsl"?><OAI-PMH xmlns="http://www.openarchives.org/OAI/2.0/" xmlns:xsi="http://www.w3.org/2001/XMLSchema-instance" xsi:schemaLocation="http://www.openarchives.org/OAI/2.0/ http://www.openarchives.org/OAI/2.0/OAI-PMH.xsd"><responseDate>2026-04-13T05:53:29Z</responseDate><request verb="GetRecord" identifier="oai:www.recercat.cat:2072/39589" metadataPrefix="marc">https://recercat.cat/oai/request</request><GetRecord><record><header><identifier>oai:recercat.cat:2072/39589</identifier><datestamp>2024-12-11T21:38:17Z</datestamp><setSpec>com_2072_5165</setSpec><setSpec>com_2072_5163</setSpec><setSpec>col_2072_5170</setSpec></header><metadata><record xmlns="http://www.loc.gov/MARC21/slim" xmlns:dcterms="http://purl.org/dc/terms/" xmlns:xsi="http://www.w3.org/2001/XMLSchema-instance" xmlns:doc="http://www.lyncode.com/xoai" xsi:schemaLocation="http://www.loc.gov/MARC21/slim http://www.loc.gov/standards/marcxml/schema/MARC21slim.xsd">
   <leader>00925njm 22002777a 4500</leader>
   <datafield ind2=" " ind1=" " tag="042">
      <subfield code="a">dc</subfield>
   </datafield>
   <datafield ind2=" " ind1=" " tag="720">
      <subfield code="a">Camós Paz, Marta</subfield>
      <subfield code="e">author</subfield>
   </datafield>
   <datafield ind2=" " ind1=" " tag="260">
      <subfield code="c">2009-07-24T11:19:19Z</subfield>
   </datafield>
   <datafield ind2=" " ind1=" " tag="520">
      <subfield code="a">Estudi sobre la comptabilitat del sector hoteler enfocat a conèixer y analitzar els diferents tipus de comptabilitats existents en aquest sector.&#xd;
&#xd;
A través, d’aquest treball es podrà tenir un visió general de les diferents comptabilitats que existeixen, els mètodes de comptabilització de costos, els suports auxiliars necessaris per dur a terme la comptabilitat y la gestió d’un hotel, etc...&#xd;
A més a més, es podrà tenir una visió clara del sistema internacional, per excel•lència, de la comptabilitat per aquest sector i el sistema de comptabilitat espanyol per al sector hoteler.</subfield>
   </datafield>
   <datafield ind1="8" ind2=" " tag="024">
      <subfield code="a">http://hdl.handle.net/2072/39589</subfield>
   </datafield>
   <datafield ind2="0" ind1="0" tag="245">
      <subfield code="a">La contabilidad en el sector hotelero</subfield>
   </datafield>
</record></metadata></record></GetRecord></OAI-PMH>